نظم الفاطميين ورسومهم في مصر : دراسة شاملة لنظم القصر الفاطمي ورسومه ;; nazam alfatimiiyn warusumahum fi misr / (Record no. 78856)
[ view plain ]
| 000 -LEADER | |
|---|---|
| fixed length control field | 00901aaa a2200217 a 4500 |
| 001 - CONTROL NUMBER | |
| control field | 78856 |
| 003 - CONTROL NUMBER IDENTIFIER | |
| rucl marc code | BD-RjUL |
| 005 - DATE AND TIME OF LATEST TRANSACTION | |
| control field | 20211209083200.0 |
| 008 - FIXED-LENGTH DATA ELEMENTS--GENERAL INFORMATION | |
| fixed length control field | 211122m19551953ua ||||| |||| 00| 0 ara d |
| 035 ## - SYSTEM CONTROL NUMBER | |
| System control number | (BD-RjUL)79083 |
| 040 ## - CATALOGING SOURCE | |
| Original cataloging agency | BD-RjUL |
| Language of cataloging | eng |
| Transcribing agency | BD-RjUL |
| 041 ## - LANGUAGE CODE | |
| Language code of text/sound track or separate title | eng |
| 082 ## - DEWEY DECIMAL CLASSIFICATION NUMBER | |
| Edition number | 23 |
| Classification number | 962.02 |
| Author mark and year | MAN 1955 |
| 100 ## - MAIN ENTRY--PERSONAL NAME | |
| Personal name | ماجد، عبد المنعم ;; Mazed, Abdul Moneim |
| 9 (RLIN) | 247905 |
| 245 ## - TITLE STATEMENT | |
| Title | نظم الفاطميين ورسومهم في مصر : دراسة شاملة لنظم القصر الفاطمي ورسومه ;; nazam alfatimiiyn warusumahum fi misr / |
| Statement of responsibility, etc. | عبد المنعم ماجد ;; Abdul Moneim Mazed, |
| 260 ## - PUBLICATION, DISTRIBUTION, ETC. (IMPRINT) | |
| Place of publication, distribution, etc. | القاهرة : |
| Name of publisher, distributor, etc. | مكتبة الأنجلو المصرية، |
| Date of publication, distribution, etc. | 1955 [1375] |
| 300 ## - PHYSICAL DESCRIPTION | |
| Pagination | 174 p. ; |
| Size | 23 cm. |
| 504 ## - BIBLIOGRAPHY, ETC. NOTE | |
| Bibliography, etc | Includes bibliography |
| 650 ## - SUBJECT ADDED ENTRY--TOPICAL TERM | |
| Topical term or geographic name as entry element | Egypte -- 969-1171 Fatimides (dynastie).) |
| Form subdivision | Politics and governement. |
| 9 (RLIN) | 250339 |
| 942 ## - ADDED ENTRY ELEMENTS (KOHA) | |
| Source of classification or shelving scheme | Dewey Decimal Classification |
| Koha item type | Books |
| Lost status | Source of classification or shelving scheme | Damaged status | Not for loan | Collection code | Permanent Location | Current Location | Shelving location | Date acquired | Source of acquisition | Cost, normal purchase price | Total Checkouts | Full call number | Date last seen | Copy number | Koha item type |
|---|---|---|---|---|---|---|---|---|---|---|---|---|---|---|---|
| Dewey Decimal Classification | Not For Loan | Non-fiction | Central Library, University of Rajshahi | Central Library, University of Rajshahi | Reading Room | 14/09/1968 | zeitlinger | 61.00 | A 962.02 MAN V-1 1953 | 22/11/2021 | C-1 | Books | |||
| Dewey Decimal Classification | Not For Loan | Non-fiction | Central Library, University of Rajshahi | Central Library, University of Rajshahi | Reading Room | 14/09/1968 | zeitlinger | 61.00 | A 962.02 MAN V-2 1955 | 22/11/2021 | C-1 | Books |